000 00450nam a2200169Ia 4500
001 21278
008 140408s9999 xx 000 0 und d
020 _a0-7456-1160-5
040 _cPK-LaUMT
082 _a 153.124
_bHON-S
100 _aAxel Honneth
245 4 _aThe struggle for recognition:
_bthe moral grammar of social conflicts
_cAxel Honneth
260 _aOxford,UK:
_bPolity Press,
_c1995
300 _a215 p.
546 _aEN
942 _cBK
999 _c21591
_d21591